000 01484cam a22004334i 4500
003 PE-LiUPU
005 20250731184513.0
008 150617s r 000 0 d
035 _a(Sirsi) a16564
040 _aPE-LiUPU
_bspa
_cPE-LiUPU
_erda
049 _aPRUA
082 0 4 _a930
_bSe4
_221
100 1 _aSeignobos, Charles,
_eautor.
245 1 0 _aHistoria universal; historia de Roma.
_n2.
264 1 _aBuenos Aires :
_bJuan C. Granda,
_c1967.
300 _a396 páginas ;
_c24 cm
336 _atext
_2rdacontent
337 _aunmediated
_2rdamedia
338 _avolume
_2rdacarrier
505 0 _aDescripción de Italia -- Roma primitiva -- La religión -- Ejército romano -- Consecuencias de las conquistas -- La vida política -- Los Gracos -- Mario -- Sila -- Pompeyo -- Fin de la república -- Augusto -- Los Flavios -- Los Antoninos -- El imperio romano en el siglo III -- Derecho romano -- El cristianismo.
526 _aP136
526 _aP135
526 _aP134
526 _aP133
526 _aP144
526 _aP143
526 _aP87
526 _aP35
526 _aP20
526 _aP14
526 _aP10
526 _aP06
650 0 4 _aROMA
_xHISTORIA
_yEPOCA ANTIGUA.
910 _ajck
942 _2ddc
_cBOOK
949 _a930 Se4 2
_wDEWEY
_c1
_i09410
_lCCODEBUL1
_mBUL
_r0
_sY
_tBOOK
_u2015-04-21
_xEDUCACION
_zUNKNOWN
_0COMPRA
_o.STAFF. Colección General
999 _c14411
_d14411
980 _81
_gALBERTO SANCHEZ Responsable de Automatización